banner koha

Ferramentas de qualidade: aplicação do Diagrama de Causa e Efeito na indústria de laticínios (Registro n. 212106)

MARC details
000 -LÍDER
campo de controle de tamanho fixo 01018nas a2200313 4500
001 - NÚMERO DE CONTROLE
campo de controle BR2011005188
003 - IDENTIFICADOR DO NÚMERO DE CONTROLE
campo de controle BR-BrBNA
005 - DATA E HORÁRIO DA ÚLTIMA TRANSAÇÃO
campo de controle 20231205115115.0
007 - CAMPO FIXO DE DESCRIÇÃO FÍSICA--INFORMAÇÃO GERAL
campo de controle de tamanho fixo ta
008 - CAMPO DE DADOS FIXOS--INFORMAÇÃO GERAL
campo de controle de tamanho fixo 230509b bl.|||p| |||| 00| 00por d
040 ## - FONTE DA CATALOGAÇÃO
Instituição da catalogação original BR-BrBNA
Idioma da catalogação por
Instituição que transcreveu o registro Biblioteca Nacional de Agricultura
041 ## - CÓDIGO DE IDIOMA
Código do idioma do texto/trilha sonora ou título diferente (Pt)
072 ## - CÓDIGO DE CATEGORIA DE ASSUNTO
Código de Categoria de Assunto L01; E16
100 1# - ENTRADA PRINCIPAL--NOME PESSOAL
Nome pessoal Teodoro, V.A.M.
100 1# - ENTRADA PRINCIPAL--NOME PESSOAL
Nome pessoal Sobral, D.
100 1# - ENTRADA PRINCIPAL--NOME PESSOAL
Nome pessoal Machado, G. de M.
100 1# - ENTRADA PRINCIPAL--NOME PESSOAL
Nome pessoal Costa, R.G.B.
100 1# - ENTRADA PRINCIPAL--NOME PESSOAL
Nome pessoal Paula, J.C.J. de
100 1# - ENTRADA PRINCIPAL--NOME PESSOAL
Nome pessoal Miguel, E.M.
245 1# - TÍTULO
Título Ferramentas de qualidade: aplicação do Diagrama de Causa e Efeito na indústria de laticínios
650 ## - ASSUNTO--TERMO TÓPICO
Cabeçalho tópico ou nome geográfico INDÚSTRIA ALIMENTÍCIA
650 ## - ASSUNTO--TERMO TÓPICO
Cabeçalho tópico ou nome geográfico LATICÍNIO
650 ## - ASSUNTO--TERMO TÓPICO
Cabeçalho tópico ou nome geográfico CONTROLE DE QUALIDADE
650 ## - ASSUNTO--TERMO TÓPICO
Cabeçalho tópico ou nome geográfico HIGIENE DE ALIMENTO
650 ## - ASSUNTO--TERMO TÓPICO
Cabeçalho tópico ou nome geográfico PLANEJAMENTO
773 0# - ENTRADA ANALÍTICA
Título Informe Agropecuário- Empresa de Pesquisa Agropecuária de Minas Gerais (Brazil)
ISSN - International Standard Serial Number ISSN 0100-3364
Partes relacionadas (May-Jun 2011), v. 32(262) p. 76-82
Número de controle do registro BR2011005188
909 ## -
-- 202311
-- Lúcia
-- 55
-- Lúcia Elande
942 ## - ELEMENTOS DE ENTRADA ADICIONADOS (KOHA)
Fonte da classificação ou esquema de arquivamento na estante Classificação AGRIS
Ocultar no OPAC Não
Tipo de material Koha Analítica
Exemplares
Situação do descarte Fonte da classificação ou esquema de arquivamento na estante Situação física Não pode ser emprestado Biblioteca de origem Biblioteca atual Localização na estante Enumeração do periódico / cronologia Total de empréstimos Data de último acesso Número do exemplar Tipo de material Koha Fonte de aquisição
  Classificação AGRIS   Consulta local Biblioteca Nacional de Agricultura - Binagri Biblioteca Nacional de Agricultura - Binagri   (May-Jun 2011), v. 32(262) p. 76-82   29/11/2023 01 Periódicos Portaria Interministerial nº 164/94

BINAGRI

Telefone: (61)3218-2567/2388/3357/2097 - binagri@agro.gov.br

Ministério da Agricultura e Pecuária , Esplanada dos Ministérios, Bloco D, Anexo B, Brasília/DF, CEP: 70.043-900